Polskie miasta, przez które przechodzi południk 19 - Statystyki

Ogólne statystyki
  • Ten quiz został rozwiązany 42 razy
  • Średni wynik to 6 z 22
Statystyki odpowiedzi
Województwo Szerokość geograficzna Miasto % Poprawnych
Śląskie 50°15'56.4"N Katowice
88%
Śląskie 49°49'12.8"N Bielsko-Biała
63%
Śląskie 50°17'23.6"N Chorzów
63%
Śląskie 50°07'24.3"N Tychy
63%
Śląskie 50°18'11.7"N Siemianowice Śląskie
58%
Śląskie 50°20'59.4"N Piekary Śląskie
50%
Śląskie 49°54'35.4"N Czechowice-Dziedzice
38%
Śląskie 49°42'17.4"N Szczyrk
29%
Śląskie 49°37'38.4"N Wisła
29%
Pomorskie 54°02'29.6"N Malbork
25%
Kujawsko-Pomorskie 52°41'21.4"N Włocławek
25%
Śląskie 50°53'36.9"N Kłobuck
17%
Śląskie 50°22'04.2"N Wojkowice
17%
Pomorskie 54°08'10.2"N Nowy Staw
13%
Łódzkie 51°08'47.3"N Pajęczno
13%
Łódzkie 51°34'40.5"N Zduńska Wola
13%
Śląskie 50°47'00.9"N Blachownia
8%
Łódzkie 51°41'33.2"N Szadek
8%
Śląskie 50°34'42.8"N Woźniki
8%
Śląskie 50°33'03.6"N Kalety
4%
Śląskie 50°29'56.6"N Miasteczko Śląskie
4%
Łódzkie 52°07'45.2"N Grabów
0%
Nie znaleziono quizów pasujących do podanych kryteriów
Rozkład punktacji
Procent ludzi z każdym wynikiem
Percentyl według liczby udzielonych odpowiedzi
Twoja historia wyników
Nie rozwiązałeś tego quizu